Electricidad y electrodomesticos / (Registro nro. 13003)

Detalles MARC
000 -LEADER
fixed length control field 00533nam a22001697a 4500
003 - CONTROL NUMBER IDENTIFIER
control field DO-SdBNP
005 - DATE AND TIME OF LATEST TRANSACTION
control field 20171205133928.0
008 - FIXED-LENGTH DATA ELEMENTS--GENERAL INFORMATION
fixed length control field 171122b1983 sp| 0| 0 spa d
020 ## - INTERNATIONAL STANDARD BOOK NUMBER
International Standard Book Number 8432952109
040 ## - CATALOGING SOURCE
Original cataloging agency BPMSU
Language of cataloging spa
Transcribing agency BPMSU
245 10 - TITLE STATEMENT
Title Electricidad y electrodomesticos /
Statement of responsibility, etc. Santiago Pey Estrany , diseñador ; Martin Pey Grau fotografía
260 ## - PUBLICATION, DISTRIBUTION, ETC. (IMPRINT)
Place of publication, distribution, etc. Barcelona :
Name of publisher, distributor, etc. Ediciones Ceac,
Date of publication, distribution, etc. 1983
300 ## - PHYSICAL DESCRIPTION
Extent 162 p. :
Other physical details il. :
Dimensions 28 cm
942 ## - ADDED ENTRY ELEMENTS (KOHA)
Source of classification or shelving scheme Dewey Decimal Classification
Koha item type Libros
945 ## - LOCAL PROCESSING INFORMATION (OCLC)
a Inventariado extranjero / 2017 VM
956 ## - LOCAL ELECTRONIC LOCATION AND ACCESS (OCLC)
Host name dgarcia
Access number 10
Compression information 22/11/17
Existencias
Withdrawn status Lost status Source of classification or shelving scheme Damaged status Not for loan Collection code Home library Current library Date acquired Source of acquisition Total Checkouts Barcode Date last seen Price effective from Koha item type
    Dewey Decimal Classification     Colección General Biblioteca Pública Metropolitana Salomé Ureña Biblioteca Pública Metropolitana Salomé Ureña 11/22/2017 Donado   BPMSU17110318 11/22/2017 11/22/2017 Libros